| 000 | 00326 a2200145 4500 | ||
|---|---|---|---|
| 003 | Nust | ||
| 005 | 20170207154117.0 | ||
| 040 | _cNust | ||
| 082 | _a891.4391 | ||
| 100 | _aAtta Ul Haq Qasmi | ||
| 245 | _aDunyia Khbsoorat hai | ||
| 260 |
_bDua Publicationers _c2003 |
||
| 300 | _a176 pages | ||
| 538 | _aAlmirah No.61 and Shelf No.1 | ||
| 942 |
_2ddc _cBK |
||
| 999 |
_c194141 _d194141 |
||